Newton

Bibliographic Details
Format: Book
Published: Selangor : Penerbit Mikamas , 2005
Series:World's Greatest Scientists
Subjects:

MARC

LEADER 00000cam a2200000 7i4500
001 0000006958
005 20151222.0
008 070827
020 |a 9830753786(set) 
020 |a 9830753859 
090 0 0 |a BIO   |b ENG 
245 0 0 |a Newton 
260 |a Selangor :   |b Penerbit Mikamas ,   |c 2005 
440 |a World's Greatest Scientists 
500 |a Children ages 10-12 years old (pink) 
650 0 |a Biography 
999 |a 0000987655   |b Book   |c Children Collection   |e Cawangan Bandar Penawar 
999 |a 0000987656   |b Book   |c Children Collection   |e Cawangan Sri Merlong 
999 |a 0000987657   |b Book   |c Children Collection   |e Cawangan Taman Universiti 
999 |a 0000987658   |b Book   |c Children Collection   |e Cawangan Pontian